Statistiques concernant Comment êtes-vous intelligent?

Cliquez ici pour prendre le quiz!

Statistiques générales

  • Ce quiz a été pris 49 fois
    (39 depuis la dernière actualisation)
  • Le résultat moyen est 3 sur 20

Statistiques - réponses

HintRéponse% Correct
PhysicsÀ la position extrême du pendule, quelle sera la valeur de son énergie cinétique?Zéro
78%
ChemistryParmi les ions sulfate, nitrate, chlorure et hydroxyle, qui s'oxydera d'abord à l'anode pendant l'électrolyse?Hydroxyle
47%
MathematicsQuelle est la pente d'une ligne parallèle à la ligne x + y = 4?Un
42%
BiologyL'osmose comprend le mouvement de quelles molécules?Eau
22%
ChemistryLa cryolite et le corindon sont des minerais de quel métal?Aluminium
17%
ChemistryEn électrolyse, l'article à galvaniser est placé àCathode
17%
PhysicsQuelle est la valeur d'un avantage mécanique si, dans un système de palan, il y a huit poulies et que l'effort est de 24 N?Huit
17%
ChemistryOn peut différencier SO2 et H2S en utilisant une solution de potassium permangante acidifiée car les deux virent au vert mais H2S montre également un certain jaune les particules. Quelles sont ces particules jaunes?Soufre
17%
PhysicsDans le spectre électromagnétique, quelle onde a la plus grande longueur d’onde mais la plus petite fréquence?Radio
14%
PhysicsLorsque la fréquence de la force exercée de l'extérieur devient égale à la fréquence naturelle d'un corps, le phénomène est appeléRésonance
8%
ChemistryLe chlorure d'ammonium a trois types de liaison qui est électrovalent, coordonné et quoi d'autre?Covalente
6%
BiologyLa thrombine en présence d'ions ____ réagit avec le fibrinogène pour la convertir en fibrine.Calcium
6%
PhysicsDans le cas d'une lentille convexe, si l'objet est focalisé, quelle est la position de l'image?Infini
3%
BiologyPartie de l'organisme responsable de l'équilibre dynamiqueCanaux {semi-circulaires}
3%
PhysicsLa réciproque de ce qui précède est connue commeConductance
0%
PhysicsLa pente de la droite sur V vs I Graph donne quelle quantité physique?La résistance
0%
BiologyL'indole 3-acide acétique est un exemple de quelle hormone de croissance chez les plantes?Auxin
0%
BiologyL'astigmatisme peut être corrigé par{Cylindrique} lentille
0%
BiologyLe myxoedème est dû à une sous-sécrétion de quelle hormone?Thyroxine
0%
MathematicsLes angles dans le même segment de cercle sontégaler
0%

Distribution des résultats

Percentile par nombre de réponses

% des personnes avec chaque résultat

Votre développement - résultats

Vous n’avez pas pris ce quiz depuis la dernière actualisation